|
|
|
|
| LEADER |
00000nam0a2200000 4500 |
| 001 |
203247 |
| 005 |
20231101225135.0 |
| 010 |
|
|
|a 9785982988256
|
| 035 |
|
|
|a (RuTPU)RU\TPU\book\221480
|
| 035 |
|
|
|a RU\TPU\book\144717
|
| 090 |
|
|
|a 203247
|
| 100 |
|
|
|a 20111101d2011 m y0rusy50 ca
|
| 101 |
0 |
|
|a rus
|
| 102 |
|
|
|a RU
|
| 105 |
|
|
|a y j 001zy
|
| 200 |
1 |
|
|a Введение в регионоведение
|e учебное пособие
|f М. В. Иванова
|g Национальный исследовательский Томский политехнический университет (ТПУ)
|
| 210 |
|
|
|a Томск
|c Изд-во ТПУ
|d 2011
|
| 215 |
|
|
|a 175 с.
|
| 320 |
|
|
|a Библиогр.: с. 163-165.
|
| 330 |
|
|
|a В учебном пособии рассматриваются проблемы, связанные с определением базовых понятий ("регион", "регионоведение", "страноведение", "регионалистика" и др.), с дискуссионными аспектами вопроса о статусе комплексного регионоведения как нового научно-образовательного направления, раскрываются функции комплексного регионоведения, опорные элементы регионоведческо-страноведческих характеристик, сущность и направления региональной политики, дается обзор методов, используемых в регионоведческих исследованиях. Предназначено для студентов специальности "Регионоведение".
|
| 451 |
|
1 |
|0 (RuTPU)RU\TPU\book\193711
|t Введение в регионоведение
|o учебное пособие
|f М. В. Иванова
|g Томский политехнический университет (ТПУ)
|c Томск
|n Изд-во ТПУ
|d 2009
|p 149 с.
|s Учебники Томского политехнического университета
|a Иванова, Маргарита Викторовна
|
| 606 |
1 |
|
|a Международное регионоведение
|2 stltpush
|3 (RuTPU)RU\TPU\subj\68360
|9 83749
|
| 606 |
1 |
|
|a Мировая политика
|x В целом
|2 stltpush
|3 (RuTPU)RU\TPU\subj\70515
|9 84753
|
| 610 |
1 |
|
|a экономика
|
| 610 |
1 |
|
|a экономическая география
|
| 610 |
1 |
|
|a регионы
|
| 610 |
1 |
|
|a регионоведение
|
| 610 |
1 |
|
|a страноведение
|
| 610 |
1 |
|
|a природа
|
| 610 |
1 |
|
|a географическое положение
|
| 610 |
1 |
|
|a расселение
|
| 610 |
1 |
|
|a народонаселение
|
| 610 |
1 |
|
|a региональная политика
|
| 610 |
1 |
|
|a регионоведческие исследования
|
| 610 |
1 |
|
|a учебные пособия
|
| 610 |
1 |
|
|a труды учёных ТПУ
|
| 686 |
|
|
|a У04(0)я73
|v LBC/SL-A
|2 rubbk
|
| 686 |
|
|
|a Ф2(0)я73
|v LBC/SL-A
|2 rubbk
|
| 700 |
|
1 |
|a Иванова
|b М. В.
|c историк
|c доцент Томского политехнического университета, кандидат исторических наук
|f 1942-
|g Маргарита Викторовна
|2 stltpush
|3 (RuTPU)RU\TPU\pers\26637
|
| 712 |
0 |
2 |
|a Национальный исследовательский Томский политехнический университет (ТПУ)
|c (2009- )
|2 stltpush
|3 (RuTPU)RU\TPU\col\15902
|
| 801 |
|
1 |
|a RU
|b 63413507
|c 20080318
|g PSBO
|
| 801 |
|
2 |
|a RU
|b 63413507
|c 20140205
|g PSBO
|
| 942 |
|
|
|c BK
|